000 00459nam a2200181Ia 4500
001 8446
005 20260306160610.0
008 260306t1997||||xx |||||||||||||| ||spa||
041 _aESP
082 _a371.04
_bN37
100 _aNeill, A.S.
_eAUT
245 0 _aSummerhill:
_bun punto de vista radical sobre la educación de los niños
260 _c1997
300 _a302 páginas :
_c21 cm.
650 _aGEN
654 _aCED
942 _cLIB
_dJUS
_fJUS
_2ddc
_n
999 _c8446
_d8446